| 000 | 00969nmc a2200325 a 4500 | ||
|---|---|---|---|
| 003 | AR-BaBNM | ||
| 005 | 20251128203752.0 | ||
| 008 | 095019s1985 ||||||||||||||000 | spa|| | ||
| 020 | _a950-582-142-5 | ||
| 040 | _cAR-BaBNM | ||
| 100 | 1 | _aCirigliano, Gustavo F.J. | |
| 245 | 1 | 0 |
_aDinámica de grupos y educación _bfundamentos y técnicas |
| 250 | _a17ª ed. | ||
| 260 |
_aBuenos Aires _bHumanitas _c1985 |
||
| 300 | 0 |
_a238 p. _bgráfs., tablas |
|
| 490 | 0 |
_aColección Guidance _vv. 4 |
|
| 504 | _aBibliografia en español sobre grupos y educación: p. 237-238 | ||
| 650 | 4 | _aDINAMICA DE GRUPO | |
| 650 | 4 | _aACTIVIDADES EN GRUPO | |
| 650 | 4 | _aTRABAJO EN EQUIPO | |
| 650 | 4 | _aTEORIAS DE LA EDUCACION | |
| 650 | 4 | _aTECNICAS SOCIOMETRICAS | |
| 650 | 4 | _aSOCIOMETRIA | |
| 650 | 4 | _aPSICOLOGIA SOCIAL | |
| 653 | _aMODELOS EDUCATIVOS | ||
| 700 | 1 | _aVillaverde, Aníbal | |
| 800 | 1 |
_aSierra de Villaverde, Sela _edirector |
|
| 942 | _cBK | ||
| 998 | _cEthel | ||
| 999 |
_c4867 _d4867 |
||